Регионална библиотека "Любен Каравелов" - Русе

Кратка илюстрована история на света (Запис номер 31671)

MARC детайли
000 -Лидер
Контролно поле с фиксирана дължина 01699nam a2200373 c 4500
003 - Код на организацията, давaща контролен номер
Контролно поле BLK
005 - Дата и час на последна редакция
Контролно поле 20230505161957.0
008 - Елементи от данни с фиксирана дължина
fixed length control field 180407b bul|||||r ||||||| ||bul||
010 ## - Наследен системен номер
LC control number KNG00034329000
020 ## - Международен стандартен номер на книга ISBN
Международен стандартен номер на книга ISBN 954-9926-27-3
-- издат.: Планета 3
040 ## - Източник на каталожния запис
Идентификатор на билиотеката - собственик на записа BLK
041 ## - Код за език
Код за езика на текст/звукозапис или на отделно заглавие Български
Код за езика КДБФ Български
080 ## - УДК
Текстов определител УДК Обща световна история. История на света
УДК код - определител по УДК 930.9
УДК определител
УДК - код + определител 930.9
100 1# - Редна дума - Автор
Автор Робъртс, Джон Мадокс
Авторска отговорност първи автор
R(LIN) 253222
139 ## - Редно поле
Редна дума Робъртс, Джон Мадокс
Авторски знак Робо - Р 70
245 10 - Сведения за заглавието
Заглавие Кратка илюстрована история на света
Редно поле (дума) Джон Мадокс Робъртс; прев. от англ. Искра Баева; * Евгения Иванова Калинова; * Ваня Петрова Стоянова; * Веселин Иванов.
257 ## - Страна на издаване
Страна на създаване/издаване Великобритания
260 ## - Област на издателските данни
-- София
Име на издателя, разпространителя и проч. Планета 3
Година на издаване 1999
Печатница София : Образование и наука
300 ## - Физическа характеристика
Страници 688 с.
Илюстрации и др. с ил., табл., к.
Размери/Мащаб 24 см
380 ## - Жанр
Жанр История
500 ## - Общи забележки
Забележка Ориг. загл. Shoter Illustrated History of the World / J. M. Roberts. - Офс. изд. - Азб. показалец.
650 #4 - Допълнително описание по предмет – тема
Основно описание – тема или топоним История, обща
9 (RLIN) 264694
653 ## - Ключова дума – ненормативна
Ключова дума история
653 ## - Ключова дума – ненормативна
Ключова дума световна история
700 1# - Други автори (авторска отговорност)
Лично име Баева, Искра
Автороска отговорност (Описва отношението между автора и произведението) прев. от англ.
9 (RLIN) 271699
700 1# - Други автори (авторска отговорност)
Лично име Калинова, Евгения Иванова
Автороска отговорност (Описва отношението между автора и произведението) *
9 (RLIN) 365080
700 1# - Други автори (авторска отговорност)
Лично име Стоянова, Ваня Петрова
Автороска отговорност (Описва отношението между автора и произведението) *
9 (RLIN) 271700
700 1# - Други автори (авторска отговорност)
Лично име Иванов, Веселин
Автороска отговорност (Описва отношението между автора и произведението) *
9 (RLIN) 364885
852 ## - Местоположение
Форматна сигнатура Цб 206685
856 4# - Електронен адрес и достъп
Електронен формат pdf - файл
Път до файла /url/
856 4# - Електронен адрес и достъп
Електронен формат pdf - файл
Път до файла /url/
942 ## - АРТИКУЛИ
Вид на библиотечния материал Книги
Скрит в OPAC Не
Koha issues (borrowed), all copies 6
944 ## - СЪЗДАВАНЕ И РЕДАКЦИЯ на ЗАПИСА
Създаване/Редакция Създаване
Дата на регистрацията/редакция 26.03.2003
Служител, извършил регистрацията/редакцията Людмила_Стоянова
944 ## - СЪЗДАВАНЕ И РЕДАКЦИЯ на ЗАПИСА
Създаване/Редакция Редакция
Дата на регистрацията/редакция 10.10.2007
Служител, извършил регистрацията/редакцията
999 ## - СИСТЕМНИ КОНТРОЛНИ НОМЕРА
Koha biblionumber 31671
Koha biblioitemnumber 31671
Наличности
Код за отписване Код за изгубен артикул Източник на класификационната схема Код за повреда Коз за рестрикции Код за отдаване Артикулен № Име на библиотеката - собственик Име на библиотеката, в която се намира в момента Статус (Текущо местоположение) Дата на вписване в системата Местоположение - отдел Цена в лева Инвентарен номер Систематично азбучна сигнатура Баркод Номер на екземпляра Цена в евро Служебна бележка Служебен тип на артикула
  Не е изгубен Universal Decimal Classification Не е повреден без рестрикции ползва се в читалня 50440 Регионална библиотека "Любен Каравелов" Русе Регионална библиотека "Любен Каравелов" Русе Читалня 2001-01-01 Читалня 39.00 660319 Ч 930/Р 70 120000660319 1 19.94 Дост: Pk Вид: Ф N: стар фонд Дата: 01.01.1999 Дата инв: 28.03.2017 Бележки инв: Ч2017 Книги
  Не е изгубен Universal Decimal Classification Не е повреден без рестрикции заемане за дома 50441 Регионална библиотека "Любен Каравелов" Русе Регионална библиотека "Любен Каравелов" Русе Заемна - подръчен фонд 2007-10-09 Заемна - подръчен фонд 49.00 120000717822 П 930/Р 70 120000717822 2 25.05 Дост: Pk Вид: Ф N: 9216 Дата: 01.10.2007 Дата инв: 07.02.2018 Бележки инв: П2018 Книги
Vip Innovations Ltd, Rousse, Bulgaria 2025